| 000 | 05364cam a22006614i 4500 | ||
|---|---|---|---|
| 003 | PE-LiUPU | ||
| 005 | 20250731180143.0 | ||
| 008 | 150706s2010 pe a rb 000 0 spa d | ||
| 035 | _a(Sirsi) a48896 | ||
| 040 |
_aPE-LiUPU _bspa _cPE-LiUPU _erda |
||
| 049 | _aPRUA | ||
| 082 | 0 | 4 |
_a515.076 _bE8820102 _221 |
| 100 | 1 |
_aEspinoza Ramos, Eduardo, _d1946-, _eautor. |
|
| 245 | 1 | 0 |
_aAnálisis matemático II : _bpara estudiantes de ciencias e ingeniería / _cEduardo Espinoza Ramos. |
| 250 | _aCuarta Edición. | ||
| 264 | 1 |
_aLima : _bServicios Gráficos J.J, _c2010. |
|
| 300 |
_a728 páginas : _bilustraciones ; _c22 centímetros |
||
| 336 |
_atext _2rdacontent |
||
| 337 |
_aunmediated _2rdamedia |
||
| 338 |
_avolume _2rdacarrier |
||
| 500 | _aNueva Edición. | ||
| 504 | _aBibliografía: páginas 726-728. | ||
| 505 | 0 | _aIntroducción -- La antiderivada de una función -- La antiderivada general -- La integral indefinida -- Fórmulas básicas de integración -- Primeras fórmulas básicas de integración -- Segundas fórmulas básicas de integración -- Terceras fórmulas básicas de integración -- Cuartas fórmulas básicas de integración -- Integración por sustitución o cambio de variable -- Integrales de funciones que contienen un trinomio cuadrado -- Ejercicios propuestos de las fórmulas básicas -- Ecuaciones diferenciales sencillas -- Movimiento rectilíneo -- Aceleración constante -- Movimiento vertical con aceleración gravitacional constante -- Ejercicios desarrollados -- Ejercicios y problemas propuestos -- Métodos de integración -- Integración de las funciones trigonométricas -- Ejercicios propuestos -- Integración por partes -- Casos especiales de integración por partes -- Ejercicios propuestos -- Integración por sustitución trigonométricas -- Ejercicios propuestos -- Integración de funciones racionales -- Ejercicios propuestos -- Métodos de hermite-ostrogradski -- Ejercicios propuestos -- Integrales de algunas funciones irracionales -- Fórmulas de reducción -- Ejercicios propuestos -- Ejercicios desarrollados diversos -- Ejercicios propuestos -- Aplicaciones de la integral indefinida en problemas de administración y economía -- Costo -- Ingreso -- Ingreso nacional, consumo nacional y ahorro -- Formación de capital -- Problemas desarrollados -- Problemas propuestos -- Sumatorias -- Propiedades de las sumatorias -- Fórmulas de las sumatorias -- Ejercicios propuestos -- Cálculo del área de una región plana por sumatorias -- Participación de un intervalo cerrado -- Aproximación del área de una región por áreas de rectángulos -- Sumas superiores y sumas inferiores -- Propiedades de las sumas superiores e inferiores -- Integral definida -- Propiedades de la integrales superiores e inferiores -- La integral como límite de sumas -- Cálculo de la integral definida usando intervalos de igual longitud -- Ejercicios propuestos -- Propiedades de la integral definida -- Teorema del valor medio para integrales -- Primer teorema fundamental del cálculo -- Generalización del primer teorema fundamental del cálculo -- Segundo teorema fundamental del cálculo --- Cambio de variable en una integral definida -- Un límite especial -- Ejercicios propuestos. | |
| 526 | _aSEG44 | ||
| 526 | _aSEG26 | ||
| 526 | _aP159 | ||
| 526 | _aP155 | ||
| 526 | _aP154 | ||
| 526 | _aP153 | ||
| 526 | _aP150 | ||
| 526 | _aP100 | ||
| 526 | _aP31 | ||
| 526 | _aP30 | ||
| 526 | _aP26 | ||
| 526 | _aP25 | ||
| 526 | _aP24 | ||
| 526 | _aP22 | ||
| 526 | _aP15 | ||
| 526 | _aP10 | ||
| 541 | _g003-001191; | ||
| 541 | _g003-001191; | ||
| 541 | _g015-0013536; | ||
| 650 | 1 | 4 |
_aAnálisis matemático _xEstudio y enseñanza. |
| 650 | 2 | 4 |
_aAnálisis matemático _vProblemas, ejercicios, etc. |
| 650 | 2 | 4 |
_aIntegrales _vProblemas, ejercicios, etc. |
| 650 | 2 | 4 |
_aFunciones analíticas _vProblemas, ejercicios, etc. |
| 910 |
_bjv _clch _d20100920 |
||
| 910 |
_adbm _bncf _cncf _d20190429 |
||
| 942 |
_2ddc _cBOOK |
||
| 949 |
_a515.076 E88 2 2010 _wDEWEY _c1 _i62095 _lCCODEBUL1 _mBUL _p10.00 _r0 _sY _tLIBRO _u2015-07-06 _xBIBLIOTECA _zUNKNOWN _o.STAFF. Colección Ingeniería y Arquitectura |
||
| 949 |
_a515.076 E88 2 2010 _wDEWEY _c2 _i62096 _lCCODEBUL1 _mBUL _p10.00 _r0 _sY _tLIBRO _u2015-07-06 _xBIBLIOTECA _zUNKNOWN _o.STAFF. Colección Ingeniería y Arquitectura |
||
| 949 |
_a515.076 E88 2 2010 _wDEWEY _c3 _i63941 _lCCODEBUL1 _mBUL _p10.00 _r0 _sY _tLIBRO _u2015-07-06 _xINGENIERIA _zUNKNOWN _o.STAFF. Colección Ingeniería y Arquitectura |
||
| 994 |
_aC0 _bPEPRU |
||
| 596 | _a1 | ||
| 999 |
_a515.076 E88 2 2010 _wDEWEY _c51183 _i62095 _d51183 _e2019-5-3 _f2021-11-9 _g7 _lCCODEBUL1 _mBUL _n12 _p10.00 _q1 _r0 _sY _tBOOK _u2015-7-6 _xINGENIERIA _PP25 _0COMPRA _o.STAFF. Colección Ingeniería y Arquitectura |
||
| 999 |
_a515.076 E88 2 2010 _wDEWEY _c2 _i62096 _d2022-5-24 _e2019-9-28 _f2021-11-9 _g8 _lCCODEBUL1 _mBUL _n10 _p15.00 _q2 _r0 _sY _tBOOK _u2015-7-6 _xINGENIERIA _PP25 _0COMPRA _o.STAFF. Colección Ingeniería y Arquitectura |
||
| 999 |
_a515.076 E88 2 2010 _wDEWEY _c3 _i63941 _d2016-9-11 _e2016-9-11 _kCHECKEDOUT _lLOST _mBUL _n1 _p10.00 _rM _sY _tBOOK _u2015-7-6 _xINGENIERIA _zUNKNOWN _0COMPRA _o.STAFF. Colección General |
||
| 980 |
_81 _gALBERTO SANCHEZ Responsable de Automatización |
||